Casa de nines / Henrik Ibsen ; traducció de Feliu Formosa ; pròleg de Joan Casas ; postfaci de Josep M. Carandell
Descripción Física:
125 p. ; 17 cm
MARC
| LEADER | 00000nam a2200000Ia 4500 | ||
|---|---|---|---|
| 001 | 11500 | ||
| 008 | 160829s1997 xx 000 0 cat d | ||
| 080 | |a L-1-191 | ||
| 100 | |a Ibsen, Henrik, |d 1828-1906 |9 35381 | ||
| 245 | |a Casa de nines / Henrik Ibsen ; traducció de Feliu Formosa ; pròleg de Joan Casas ; postfaci de Josep M. Carandell | ||
| 260 | |a Barcelona : |b Institut del Teatre, Diputació de Barcelona, |c 1997 | ||
| 300 | |a 125 p. ; |c 17 cm | ||
| 490 | |a Col·lecció popular de teatre clàssic universal ; 50 | ||
| 700 | |a Formosa, Feliu, |d 1934- |e traductor |9 34955 | ||
| 700 | |a Casas, Joan, |d 1950- |e escriptor d'un pròleg |9 23157 | ||
| 700 | 1 | |a Carandell, Josep Maria, |d 1934-2003 |e escriptor d'un pròleg |9 42674 | |
| 710 | 1 | |a Institut del Teatre (Barcelona, Catalunya) |9 52662 | |
| 901 | |a Arxiu | ||
| 942 | |n 1 |2 udc | ||
| 952 | |0 0 |1 0 |4 0 |6 L1191 |7 1 |9 46875 |a Arxiu |b Arxiu |d 2016-12-01 |l 0 |o L-1-191 |p 11500 |r 2016-12-01 00:00:00 |w 2016-12-01 |y ARXIU | ||
| 999 | |c 50668 |d 50668 | ||